LEADER 05028oas 2201753 a 450 001 9910144463103321 005 20260127110037.0 011 $a1365-2885 035 $a(DE-599)ZDB2023924-5 035 $a(OCoLC)45232578 035 $a(CONSER) 00242292 035 $a(CKB)954925471333 035 $a(DE-599)2023924-5 035 $a(EXLCZ)99954925471333 100 $a20001026a19789999 sy a 101 0 $aeng 135 $aurun||||||||| 181 $ctxt$2rdacontent 182 $cc$2rdamedia 183 $acr$2rdacarrier 200 00$aJournal of veterinary pharmacology and therapeutics 210 $a[Oxford, England] $cBlackwell Science 215 $a1 online resource 300 $aRefereed/Peer-reviewed 300 $a"Official Journal of the American Academy of Veterinary Pharmacology and Therapeutics, the American College of Veterinary Clinical Pharmacology, the Association for Veterinary Clinical Pharmacology and Therapeutics (UK)--and the European Association for Veterinary Pharmacology and Toxicology." 311 08$a0140-7783 517 3 $aVeterinary pharmacology and therapeutics 531 0 $aJ. vet. pharmacol. ther. 606 $aVeterinary pharmacology$vPeriodicals 606 $aTherapeutics$vPeriodicals 606 $aDrug Therapy$xveterinary 606 $aPharmacology$xveterinary 606 $aTherapeutics$xveterinary 606 $aPharmacologie ve?te?rinaire$vPe?riodiques 606 $aThe?rapeutique$vPe?riodiques 606 $apharmacology$2aat 606 $aveterinary medicine$2aat 606 $aTherapeutics$2fast$3(OCoLC)fst01149694 606 $aVeterinary pharmacology$2fast$3(OCoLC)fst01166060 606 $aPharmakologie$2gnd 606 $aTiermedizin$2gnd 606 $aZeitschrift$2gnd 606 $aOnline-Ressource$2gnd 606 $aPharmacologie ve?te?rinaire$2rasuqam 606 $aTraitement me?dical$2rasuqam 606 $aMe?decine ve?te?rinaire$2rasuqam 606 $aFarmacologia veterinària$2thub 606 $aTerapèutica veterinària$2thub 608 $aFulltext. 608 $aInternet Resources. 608 $aPeriodicals. 608 $aperiodicals.$2aat 608 $aPeriodicals.$2fast 608 $aPeriodicals.$2lcgft 608 $aRessource Internet (Descripteur de forme)$2rasuqam 608 $aPe?riodique e?lectronique (Descripteur de forme)$2rasuqam 608 $aPe?riodiques.$2rvmgf 608 $aRevistes electròniques.$2thub 615 0$aVeterinary pharmacology 615 0$aTherapeutics 615 12$aDrug Therapy$xveterinary. 615 12$aPharmacology$xveterinary. 615 12$aTherapeutics$xveterinary. 615 6$aPharmacologie ve?te?rinaire 615 6$aThe?rapeutique 615 7$apharmacology. 615 7$aveterinary medicine. 615 7$aTherapeutics. 615 7$aVeterinary pharmacology. 615 7$aPharmakologie. 615 7$aTiermedizin 615 7$aZeitschrift. 615 7$aOnline-Ressource 615 7$aPharmacologie ve?te?rinaire. 615 7$aTraitement me?dical. 615 7$aMe?decine ve?te?rinaire. 615 7$aFarmacologia veterinària. 615 7$aTerapèutica veterinària. 676 $a636.089 712 02$aAmerican Academy of Veterinary Pharmacology and Therapeutics, 712 02$aAmerican College of Veterinary Clinical Pharmacology, 712 02$aAssociation for Veterinary Clinical Pharmacology and Therapeutics, 712 02$aEuropean Association for Veterinary Pharmacology and Toxicology, 801 0$bMYG 801 1$bMYG 801 2$bOCLCQ 801 2$bF#A 801 2$bMUQ 801 2$bVRC 801 2$bOCLCQ 801 2$bUQ1 801 2$bGUA 801 2$bOCLCQ 801 2$bOCLCO 801 2$bOCLCF 801 2$bOCLCO 801 2$bOCLCQ 801 2$bSCB 801 2$bOCLCO 801 2$bOCLCQ 801 2$bDEFHM 801 2$bOCLCO 801 2$bOCLCA 801 2$bCASUM 801 2$bOCLCA 801 2$bNLE 801 2$bOCLCA 801 2$bU3W 801 2$bOCLCO 801 2$bOCLCQ 801 2$bOCLCA 801 2$bEZC 801 2$bOCLCO 801 2$bSTF 801 2$bOCLCO 801 2$bOCLCA 801 2$bAU@ 801 2$bOCLCO 801 2$bWYU 801 2$bOCLCO 801 2$bUKMGB 801 2$bOCLCO 801 2$bOCLCA 801 2$bVT2 801 2$bOCLCO 801 2$bOCLCA 801 2$bOCLCQ 801 2$bOCLCO 801 2$bOCLCA 801 2$bNJT 801 2$bOCLCA 801 2$bOCLCQ 801 2$bUBY 801 2$bUAB 801 2$bOCLCL 801 2$bOCLCA 801 2$bOCLCL 801 2$bSXB 801 2$bUBF 801 2$bLMC 801 2$bLIP 801 2$bWT2 801 2$bTOF 801 2$bS2H 801 2$bOCLCQ 906 $aJOURNAL 912 $a9910144463103321 996 $aJournal of veterinary pharmacology and therapeutics$9791394 997 $aUNINA